000 00480nam a2200169 4500
001 148165
003 ES-MaACL
005 20230906202451.0
007 t|
008 070214s1920 gw r ||||1| ger d
100 1 _aStoerring, Gustav.
_9108266
245 1 0 _aErkenntnistheorie... /
_cvon... Gustav Störring.
250 _a2 Aufl.
260 _aLeipzig :
_bWilhelm Engelmann,
_c1920 (
_fFreitkopt und Hèartel)
300 _aVIII, 356 p. ;
_c20 cm.
852 _aES-MaACL
_jG-737
999 _c148165
_d148165